| 000 | 00456cam a2200169ua 4500 | ||
|---|---|---|---|
| 041 |
_aeng _h |
||
| 082 |
_a930 _bBRE/BU |
||
| 100 | _aBrendon, J.A . | ||
| 245 |
_aBuilding of the Modern world, part 2 The age of Discovery / _cJ.A.Brendon. _hTextual Documents |
||
| 260 |
_aLondon : _bEdward Arnold publishers ltd , _c1959. |
||
| 300 | _a191 ; . | ||
| 504 | _a | ||
| 700 | 1 | _aHist.S, F.R . | |
| 942 | _cBK | ||
| 999 |
_c1267 _d1267 |
||